000 00362nam a22001331a 4500
082 _aM 050
_bCHA/M
245 _aMathrubhumi yearbook plus 2026 (malayalam)/
_cby Chandran P V (ed.)
260 _aKozhikode
_bThe Mathrubhumi Press,
_c2026.
300 _a898p.
650 _aYearbook
650 _aGeneral Knowledge
700 _aChandran P V (ed.)
942 _cREF
999 _c181395
_d181395